000 00836nas a2200301 4500
001 BR7900900
003 BR-BrBNA
005 20231205083633.0
007 ta
008 230509b bl.|||p| |||| 00| 00por d
040 _aBR-BrBNA
_bpor
_cBiblioteca Nacional de Agricultura
041 _a(Pt)
072 _aF22
100 1 _aDantas, H. da S.
100 1 _aHorowitz, A.
100 1 _aLeite, J.P.
100 1 _aCarneiro, M.O.M.
245 1 _aCobre em solos do agreste em Pernambuco [analise do solo, Brasil]
650 _aQUIMICA DO SOLO
650 _aSOLO
650 _aCOBRE
650 _aANALISE DO SOLO
650 _aAGRESTE
650 _aPERNAMBUCO
773 0 _tCaderno Omega (Brazil)
_xISSN 0100-2732
_g(Jul 1978), v. 2(1) p. 45-60
_wBR7900900
909 _a202311
_bLúcia
_c55
_dLúcia Elande
942 _2AGRIS
_n0
_cANA
999 _c100228
_d100228